Länder mit den meisten E-Autos - Statistiken

Allgemein
  • Dieses Quiz wurde 125 mal gespielt
  • Das Durchschnittsergebnis liegt bei 8 aus 10
Antwortstatistiken
Hint Antwort % Korrekt
1. China
97%
3. Deutschland
96%
2. USA
93%
4. Frankreich
90%
9. Kanada
88%
8. Schweden
85%
6. Norwegen
84%
5. Vereinigtes Königreich
72%
10. Südkorea
66%
7. Niederlande
64%
Keine übereinstimmenden Quizze gefunden
Verteilung der Resultate
Anzahl Personen mit jedem Resultat
Perzentil nach korrekt beantworteten Fragen
Ihre Resultats-Entwicklung
Sie haben dieses Quiz noch nicht gespielt